Can You Name All The Characteristics Of Sandy From Brawl Stars? - Statistics

General Stats
  • This quiz has been taken 2 times
  • The average score is 7 of 15
Answer Stats
Hint Answer % Correct
Class Controller
100%
Rarity Legendary
100%
Buffies No
100%
Trait No
100%
Trio Mystic Wanderers
50%
Star Power Rude Sands
50%
Super Sandstorm
50%
Gadgets Sleep Stimulator
50%
Title Sleepy
50%
Prestige Title Zzzzz
50%
Star Power Healing Winds
0%
Voice Actor Patrick Pedraza
0%
Attack Pebble Blast
0%
Gadgets Sweet Dreams
0%
Hypercharge Swift Winds
0%
No matching quizzes found
Score Distribution
Percent of People with Each Score
Percentile by Number Answered
Your Score History
You have not taken this quiz